000 00495nam a2200169 i 4500
001 111882
003 ES-MaACL
005 20230906185359.0
007 t|
008 061121s1971 sp r ||||1| spa d
100 1 _aNavalón, Alfonso.
_985027
245 1 0 _aViaje a los toros del sol /
_cAlfonso Navalón.
260 _aMadrid :
_bEd. 99,
_c1971.
300 _a222 p. con 2 lám. :
_bil ;
_c25 cm.
650 4 _aGanaderías de toros de lidia.
_9163235
852 _aES-MaACL
_jC-41862
_bR.77803
999 _c111882
_d111882